ドラゴンクエストIX(DQ9) 雑魚モンスター - Statistics

General Stats
  • This quiz has been taken 57 times
  • The average score is 64 of 256
Answer Stats
ID 系統 モンスター名 % Correct
001 スライム スライム
98%
014 スライム スライムベス
76%
046 スライム メタルスライム
71%
090 スライム キングスライム
68%
006 ドラキー
66%
174 マシン キラーマシン
66%
153 スライム はぐれメタル
63%
214 スライム メタルキング
61%
002 植物 ズッキーニャ
56%
003 悪魔 モーモン
56%
029 スライム ホイミスライム
56%
206 スライム スライムベホマズン
56%
161 物質 ゴーレム
54%
016 スライム バブルスライム
51%
051 スライム スライムタワー
51%
055 ゾンビ くさった死体
51%
059 キメラ
51%
076 メイジキメラ
49%
080 悪魔 ピンクモーモン
49%
089 スライム メタルブラザーズ
49%
009 マシン メタッピー
46%
048 スライム スライムナイト
44%
054 ドラキーマ
44%
078 物質 ストーンマン
44%
096 物質 ゴールドマン
44%
087 マシン メタルハンター
41%
195 スライム ベホマスライム
41%
226 スライム ゴールデンスライム
41%
010 エレメント メラゴースト
39%
028 ゾンビ がいこつ
39%
075 スライム メタルライダー
39%
116 物質 ばくだん岩
39%
220 スライム スライムマデュラ
39%
024 タホドラキー
37%
034 マシン ガチャコッコ
37%
035 テンツク
37%
038 エレメント さまようたましい
37%
042 ゾンビ しにがみ
37%
083 スライム ベホイミスライム
37%
131 スライム ベホイムスライム
37%
205 物質 ミミック
37%
229 スライム プラチナキング
37%
004 物質 ドロザラー
34%
005 じんめんちょう
34%
007 怪人 リリパット
34%
013 怪人 おおきづち
34%
033 植物 もみじこぞう
34%
057 物質 さまようよろい
34%
077 植物 じんめんじゅ
34%
140 スーパーテンツク
34%
150 物質 うごくせきぞう
34%
159 物質 メガザルロック
34%
168 エレメント ようがんまじん
34%
189 悪魔 マポレーナ
34%
204 物質 ひとくいばこ
34%
210 スターキメラ
34%
020 物質 かまっち
32%
044 ゾンビ ミイラ男
32%
179 悪魔 ボストロール
32%
202 エレメント ひょうがまじん
32%
032 メーダ
29%
098 ゾンビ マミー
29%
124 悪魔 トロル
29%
157 悪魔 サイクロプス
29%
190 エレメント ヘルクラウダー
29%
192 悪魔 ギガンテス
29%
200 ドラゴン ギガントドラゴン
29%
201 悪魔 ヘルバトラー
29%
207 スライム ゴールデントーテム
29%
208 ラストテンツク
29%
011 ゾンビ ゆうれい
27%
017 ウパソルジャー
27%
018 ひとくいが
27%
022 怪人 ブラウニー
27%
041 ぐんたいガニ
27%
045 物質 はにわナイト
27%
050 マンドリル
27%
052 エレメント ドロヌーバ
27%
067 リカント
27%
073 物質 スマイルロック
27%
088 オーシャンクロー
27%
110 植物 ウドラー
27%
111 ゾンビ グール
27%
112 マシン アイアンクック
27%
121 物質 ガオン
27%
133 物質 トーテムキラー
27%
149 物質 リビングスタチュー
27%
176 物質 キラーアーマー
27%
043 怪人 まじゅつし
24%
047 怪人 アローインプ
24%
056 悪魔 ひとつめピエロ
24%
061 しびれくらげ
24%
074 ゾンビ どくどくゾンビ
24%
081 リカントマムル
24%
107 じごくのハサミ
24%
123 物質 じごくのよろい
24%
126 キラーリカント
24%
137 ガニラス
24%
151 物質 おどるほうせき
24%
152 ドラゴン ギガントヒルズ
24%
154 悪魔 アンクルホーン
24%
160 物質 ようがんピロー
24%
169 ドラゴン グリーンドラゴン
24%
196 悪魔 トロルキング
24%
219 アイアンブルドー
24%
234 物質 パンドラボックス
24%
012 悪魔 みならいあくま
22%
025 怪人 どくやずきん
22%
039 ドラゴン ウィングスネーク
22%
062 ガマキャノン
22%
065 植物 まだらイチョウ
22%
086 メーダロード
22%
114 アサシンエミュー
22%
125 エレメント デビルスノー
22%
132 怪人 アイスビックル
22%
144 ゾンビ 死霊の騎士
22%
145 悪魔 ブラッドアーゴン
22%
162 ギャオース
22%
164 怪人 エビルチャリオット
22%
170 ヘルダイバー
22%
182 ゾンビ ワイトキング
22%
188 キラークラブ
22%
197 悪魔 じごくのメンドーサ
22%
212 エレメント ヘルミラージュ
22%
231 物質 メフィストフェレス
22%
244 ドラゴン アンドレアル
22%
247 悪魔 うみうしひめ
22%
251 ゴールドタヌ
22%
255 オーシャンボーン
22%
008 物質 わらいぶくろ
20%
015 植物 おばけキノコ
20%
021 デンデンがえる
20%
023 ポンポコだぬき
20%
026 マッドオックス
20%
027 エレメント ギズモ
20%
030 悪魔 ベビーマジシャン
20%
037 植物 マタンゴ
20%
049 エレメント かまいたち
20%
084 怪人 きとうし
20%
085 デッドペッカー
20%
093 ウパパロン
20%
094 デザートランナー
20%
105 植物 ブラックベジター
20%
113 突げきホーン
20%
118 ストロングアニマル
20%
119 悪魔 ヌボーン
20%
120 怪人 ようじゅつし
20%
127 物質 ふゆしょうぐん
20%
134 物質 アサシンドール
20%
146 ゾンビ ブラッドマミー
20%
158 エレメント くもの大王
20%
163 エレメント ヒートギズモ
20%
178 物質 だいまじん
20%
183 怪人 クローハンズ
20%
191 ドラゴン レッドドラゴン
20%
198 にじくじゃく
20%
213 だいおうクジラ
20%
223 悪魔 ビュアール
20%
228 マシン ファイナルウェポン
20%
248 物質 クラウンヘッド
20%
256 シーバーン
20%
019 ねこまどう
17%
036 怪人 とっしんこぞう
17%
060 かいぞくウーパー
17%
063 しびれあげは
17%
071 物質 ビッグモアイ
17%
072 タイガーランス
17%
082 バブーン
17%
095 サンドシャーク
17%
099 エレメント ジェリーマン
17%
103 悪魔 アーゴンデビル
17%
104 ドラゴン リザードマン
17%
108 ブラックタヌー
17%
136 悪魔 ヘルビースト
17%
141 ライノキング
17%
147 物質 デビルアーマー
17%
148 悪魔 スネークロード
17%
155 ヘルジャッカル
17%
156 マッドファルコン
17%
167 物質 ゴードンヘッド
17%
172 ダークデンデン
17%
177 エレメント フロストギズモ
17%
181 ゾンビ ナイトリッチ
17%
185 ドラゴン シュプリンガー
17%
193 アカイライ
17%
194 物質 マジックアーマー
17%
199 ゾンビ ナイトキング
17%
203 キマライガー
17%
211 ギリメカラ
17%
218 デスタランチュラ
17%
227 マシン ゴールドマジンガ
17%
233 ホラービースト
17%
235 エレメント マッドブリザード
17%
240 物質 ちていのばんにん
17%
241 れんごくまちょう
17%
242 エレメント エビルフレイム
17%
245 悪魔 デスカイザー
17%
249 悪魔 イエローサタン
17%
250 ドラゴン まかいファイター
17%
252 スライム デンガー
17%
253 ダークマリーン
17%
254 ドラゴン ドラゴン・ウー
17%
053 植物 マージマタンゴ
15%
058 ニードルオクト
15%
064 植物 ぶっちズキーニャ
15%
066 うずしおキング
15%
070 おおくちばし
15%
091 ヘルマリーン
15%
100 ゾンビ がいこつ兵
15%
101 ドラゴン ヘルバイパー
15%
106 ドラゴン ガメゴン
15%
117 ヒババンゴ
15%
130 ホワイトランサー
15%
135 ゾンビ デスプリースト
15%
143 悪魔 アロダイタス
15%
165 エレメント マグマロン
15%
166 ドラゴン りゅう兵士
15%
171 ゾンビ ゾンビナイト
15%
180 キャノンキング
15%
186 物質 てっこうまじん
15%
187 ドラゴン ガメゴンロード
15%
209 悪魔 ダークトロル
15%
215 スライム ゴッドライダー
15%
221 物質 まおうのかめん
15%
222 物質 サタンメイル
15%
224 ボーンスパイダ
15%
225 キマイラロード
15%
232 ゾンビ ロードコープス
15%
236 エレメント あんこくまじん
15%
237 ゾンビ ヴァルハラー
15%
238 怪人 じごくぐるま
15%
239 れんごく天馬
15%
243 ヘルガーディアン
15%
246 じごくのヌエ
15%
031 怪人 シールドこぞう
12%
040 メイジポンポコ
12%
069 ゴートドン
12%
097 デザートタンク
12%
109 メダパニつむり
12%
122 ゾンビ しにがみ兵
12%
142 エレメント レッドサイクロン
12%
173 ゾンビ 影の騎士
12%
175 スケアリードック
12%
184 悪魔 ウィングデビル
12%
230 悪魔 ヘルヴィーナス
12%
092 マシン オクトスパイカー
10%
115 ビッグホーン
10%
138 ドラゴン オーシャンナーガ
10%
216 レジェンドホース
10%
217 ドラゴン ガメゴンレジェンド
10%
068 ジャガーメイジ
7%
079 怪人 ビッグフェイス
7%
102 ベンガルクーン
7%
128 ランドンクイナ
7%
129 悪魔 ビッグボック
7%
139 怪人 ダークホビット
7%
No matching quizzes found
Score Distribution
Percent of People with Each Score
Percentile by Number Answered
Your Score History
You have not taken this quiz